Picasso (Record no. 47265)

MARC details
000 -LEADER
campo de control de longitud fija 00738nam a2200217 i 4500
001 - NÚMERO DE CONTROL
campo de control 47265
003 - IDENTIFICADOR DE NÚMERO DE CONTROL
campo de control ES-MaACL
005 - FECHA Y HORA DE LA ÚLTIMA TRANSACCIÓN
campo de control 20240207063017.0
007 - CAMPO FIJO DE DESCRIPCIÓN FÍSICA--INFORMACIÓN GENERAL
campo de control de longitud fija t|
008 - DATOS DE LONGITUD FIJA--INFORMACIÓN GENERAL
campo de control de longitud fija 030404s1968 sp ||||1| spa d
080 ## - NÚMERO DE LA CLASIFICACIÓN DECIMAL UNIVERSAL
Número de la Clasificación Decimal Universal 75 Picasso, Pablo
100 1# - ENTRADA PRINCIPAL--NOMBRE DE PERSONA
Nombre de persona Picasso, Pablo,
Fechas asociadas al nombre 1881-1973
9 (RLIN) 91794
245 10 - MENCIÓN DEL TÍTULO
Título Picasso
Resto del título : teatro /
Mención de responsabilidad, etc. texto de Douglas Cooper ; [traducción de Ana María Torra de Gili y M. Lourdes Torra Amat].
260 ## - PUBLICACIÓN, DISTRIBUCIÓN, ETC.
Lugar de publicación, distribución, etc. Barcelona :
Nombre del editor, distribuidor, etc. Gustavo Gili,
Fecha de publicación, distribución, etc. [1968]
300 ## - DESCRIPCIÓN FÍSICA
Extensión 360 p., 118 lám. :
Otras características físicas il. ;
Dimensiones 30 cm.
700 1# - ENTRADA AGREGADA--NOMBRE PERSONAL
Nombre de persona Torra de Gili, Ana María.
9 (RLIN) 110705
700 1# - ENTRADA AGREGADA--NOMBRE PERSONAL
Nombre de persona Torra Amat, M. Lourdes.
9 (RLIN) 110703
700 0# - ENTRADA AGREGADA--NOMBRE PERSONAL
Nombre de persona Cooper, Douglas.
9 (RLIN) 40385
852 ## - LOCALIZACIÓN
Ubicación ES-MaACL
Número de control de estantería C-56932
Sublocalización o colección R.67366
Holdings
Estatus retirado Estado de pérdida Estado de daño No para préstamo Biblioteca de origen Biblioteca actual Ubicación en estantería Fecha de adquisición Fuente de adquisición Total de préstamos Signatura topográfica completa Código de barras Visto por última vez Precio de reemplazo Tipo de ítem Koha
        Biblioteca del Ateneo de Madrid Biblioteca del Ateneo de Madrid Depósito 2 17/01/2008     C-56932 1049711 23/02/2023 23/02/2023 Libro impreso